[Event "Saint Louis Blitz 2017"]
[Site "Saint Louis"]
[Date "2017.08.17"]
[Round "8"]
[White "Aronian, Levon"]
[Black "Caruana, Fabiano"]
[Result "0-1"]
[WhiteElo "2799"]
[BlackElo "2807"]
[Annotator "TA"]
[PlyCount "68"]
[EventDate "2017.??.??"]
[EventType "tourn"]
[EventCountry "USA"]
[SourceTitle "playchess.com"]
[Source "ChessBase"]
[SourceQuality "1"]

{[%evp 12,68,11,14,2,-46,-31,-41,-39,-21,-20,-50,0,0,4,-15,30,8,40,38,45,47,43,46,145,0,0,0,0,0,0,0,62,45,44,64,65,17,28,39,39,39,22,35,59,58,51,51,51,44,55,29,36,24,16,18,21,-666,-666]} 1. c4 e5 {[%cal Be7e5,Be5e4][%mdl 32]} 2. g3 Nf6 3. Bg2 c6 4. Nf3 e4 5. Nd4 Qb6 6. e3 {A20: English Opening: 1...e5} (6. Nb3 a5 7. d3 a4 8. N3d2 d5 9. dxe4 dxe4 10. e3 Bg4 11. Qc2 Nbd7 12. Nc3 Bb4 13. Ndxe4 Nxe4 14. Qxe4+ {0-1 (35) Topalov,V (2749)-Caruana,F (2808) Paris 2017}) 6... d5 7. Nc3 {LiveBook: 4 Games} Bg4 8. f3 {The position is equal.} (8. Qb3 {keeps more tension.} Bc5 9. Qxb6 axb6 10. cxd5 Bxd4 11. exd4 Bf3 12. O-O) 8... exf3 9. Bxf3 Bxf3 10. Qxf3 {[%cal Rc4d5]} dxc4 11. b3 $146 ({Predecessor:} 11. O-O Nbd7 12. Ne4 Qc7 13. Nxf6+ Nxf6 {1-0 (38) Heberla,B (2557)-Sadzikowski,D (2478) Trzcianka 2014}) 11... cxb3 (11... c5 $15 12. Nde2 cxb3) 12. O-O $11 Nbd7 {[%cal Bb8d7,Bd7e5,Be5g6][%mdl 32]} 13. axb3 Bb4 14. Bb2 O-O 15. Nf5 {[%mdl 1024] White has compensation.} Ne5 $1 {[%cal Re5f3]} 16. Qf4 Ng6 17. Qc4 {Nxg7! is the strong threat.} Rad8 {[#]} ({Black should play} 17... Ne8 $14) 18. Na4 ({White must play} 18. Nxg7 $1 $16 {[%mdl 512]} Rxd2 (18... Kxg7 19. Na4) 19. Nf5) 18... Qb5 {aiming for ...Qxc4.} 19. Bxf6 Qxc4 20. bxc4 {[%cal Bb3c4,Bc4c5][%mdl 32]} gxf6 21. d4 Rfe8 (21... b6 $11) 22. c5 $1 $14 Rd5 23. Rab1 Bd2 24. Rb3 Rxf5 25. Rxf5 {Strongly threatening Rf3.} Bxe3+ 26. Kf1 Bxd4 27. Rxb7 Re3 28. Rxa7 Kg7 29. Rd7 Re4 30. Rd8 Be3 31. Nc3 Rc4 32. Nd1 Bxc5 33. Rf3 Bb6 34. Rc3 $2 {[%mdl 8192]} (34. Rb8 $11 Bd4 35. Ne3 Rc1+ 36. Ke2 Bxe3 37. Kxe3) 34... Rxc3 {Precision: White = 65%, Black = 65%.} 0-1

[Event "Saint Louis Blitz 2017"]
[Site "Saint Louis"]
[Date "2017.08.17"]
[Round "8"]
[White "Nakamura, Hikaru"]
[Black "Nepomniachtchi, Ian"]
[Result "1/2-1/2"]
[WhiteElo "2792"]
[BlackElo "2751"]
[Annotator "TA"]
[PlyCount "61"]
[EventDate "2017.??.??"]
[EventType "tourn"]
[EventCountry "USA"]
[SourceTitle "playchess.com"]
[Source "ChessBase"]
[SourceQuality "1"]

{[%evp 20,61,18,0,0,0,0,0,0,0,114,110,117,0,0,0,6,8,11,0,0,0,0,0,0,0,10,11,10,0,0,0,0,0,0,0,0,0,0,0,0,0,0,0]} 1. Nf3 Nf6 2. b3 b6 3. Bb2 Bb7 4. e3 e6 5. d4 d5 6. c4 Nbd7 7. Nbd2 Bd6 8. Bd3 Ne4 9. Rc1 O-O 10. O-O Qe7 {E14: Queen's Indian: Classical Variation (4 e3)} (10... Nxd2 11. Nxd2 Nf6 12. c5 bxc5 13. dxc5 Be7 14. c6 Bc8 15. Qe2 Bb4 16. Rfd1 Qe7 17. Nf3 a5 18. a4 {1-0 (49) Nakamura,H (2785)-So,W (2812) Paris 2017}) 11. Ne5 {LiveBook: 3 Games} (11. b4 $5) 11... Nxd2 12. Qxd2 Nxe5 $146 ({Predecessor:} 12... dxc4 13. Nxc4 Bxh2+ 14. Kxh2 Qh4+ 15. Kg1 Bxg2 16. f3 Bxf1 17. Bxf1 c5 18. Bg2 cxd4 19. Bxd4 {½-½ (29) Tolonen,L (2345)-Veingold,A (2475) Finland 1998}) 13. dxe5 Bb4 14. Qc2 h6 (14... dxc4 $1 $11 {keeps the balance.} 15. Bxh7+ Kh8) 15. cxd5 $16 Bxd5 16. e4 (16. Qxc7 $16 Qd8 17. Rfd1) 16... Bb7 $11 {The position is equal.} 17. Qxc7 Rfd8 18. Qxe7 Bxe7 19. Rcd1 Rd7 {Strongly threatening ...Rad8.} 20. Bb5 Rxd1 21. Rxd1 {[#] Black must now prevent Rd7.} Bxe4 22. Rd7 (22. Ba6 {keeps more tension.} Bd5 23. f3 Rd8 24. Kf2 Rd7 25. Ke2) 22... Rd8 (22... a6 {with more complications.} 23. Be2 Bc5 24. Kf1 Kf8 25. f3 Bc2) 23. Rxd8+ ({Don't blunder} 23. Rxe7 $2 Rd1+ 24. Bf1 Bd3 $19) 23... Bxd8 {[%mdl 4096] Endgame KBB-KBB} 24. Kf1 (24. f3 $5 {[%cal Rf3e4]} Bd5 25. Ba3 $11) 24... Be7 25. f3 Bd5 26. Bd4 g6 27. Ke2 h5 28. Bd3 Kf8 29. Bb5 Kg8 30. Bd3 Kf8 31. Bb5 {Precision: White = 55%, Black = 77%.} 1/2-1/2

[Event "Saint Louis Blitz 2017"]
[Site "Saint Louis"]
[Date "2017.08.17"]
[Round "8"]
[White "Anand, Viswanathan"]
[Black "Navara, David"]
[Result "1/2-1/2"]
[WhiteElo "2783"]
[BlackElo "2737"]
[Annotator "TA"]
[PlyCount "79"]
[EventDate "2017.??.??"]
[EventType "tourn"]
[EventCountry "USA"]
[SourceTitle "playchess.com"]
[Source "ChessBase"]
[SourceQuality "1"]

{[%evp 21,79,27,75,31,27,0,-10,-27,-9,-18,-18,-81,-83,-86,-79,-87,-49,-64,-49,-89,0,-4,0,0,20,22,19,20,55,55,53,62,62,0,66,75,712,0,3,1,9,0,0,0,0,0,0,0,0,0,7,0,0,0,0,0,0,0,0,0]} 1. e4 c5 2. Nf3 d6 3. d4 cxd4 4. Nxd4 Nf6 5. Nc3 a6 6. Be2 e6 7. f4 Qc7 8. a4 b6 9. O-O Bb7 10. Bf3 Nbd7 11. Qe2 Be7 {LiveBook: 5 Games. B84: Sicilian Scheveningen: 6 Be2 a6, lines without early Be3} (11... Rc8 12. Be3 Qc4 13. Qf2 h5 14. h3 Nc5 15. e5 Nfe4 16. Nxe4 Nxe4 17. Bxe4 Bxe4 18. Rad1 dxe5 19. fxe5 {½-½ (57) Popov,I (2609)-Nepomniachtchi,I (2716) Tyumen 2012}) 12. e5 dxe5 13. Bxb7 $146 ({Predecessor:} 13. fxe5 Bc5 14. Rd1 Nxe5 15. Bxb7 Neg4 16. Qf3 Rd8 17. Qc6+ Qxc6 18. Bxc6+ Ke7 19. Nce2 {½-½ (26) Almagro Llamas,P (2472)-Vazquez Igarza,R (2558) Madrid 2011}) 13... Qxb7 14. fxe5 Bc5 15. Be3 (15. Rd1 $5 {[%cal Re5f6]} Nd5 16. Ne4 $15) 15... Nd5 $1 16. Bf2 {[#]} (16. Nxd5 $11 {keeps the balance.} Qxd5 17. c3) 16... Nxc3 $1 $17 ({But not} 16... Nf4 $6 17. Qg4 $11) 17. bxc3 O-O 18. Kh1 Rae8 19. Bg3 Rc8 20. Rf3 Bxd4 ({Better is} 20... Be7 $17 21. Nb3 Nc5) 21. cxd4 $11 Qd5 22. c3 b5 23. axb5 axb5 24. Bh4 b4 25. Be7 bxc3 26. Bxf8 Nxf8 27. Qd3 (27. Rd3 $14) 27... Rc4 ({Black should play} 27... h6 $11) 28. Raf1 $14 c2 $2 {[%mdl 8192]} (28... Rc7 $16) 29. Rc1 $2 (29. Rxf7 $18 {[%csl Gf1][%cal Rf7f8]} Rc8 {[#]} 30. Qxc2 $1 {[%mdl 512]}) 29... Rxd4 {The position is equal.} 30. Qxc2 {aiming for Rcf1.} Qxe5 31. h3 h6 32. Qc8 Rd2 33. Rff1 Qd5 {[%csl Gd2][%cal Rd5g2]} 34. Qc6 Qxc6 35. Rxc6 $11 {KRR-KRN} f5 36. Ra1 Kf7 37. Ra7+ Rd7 38. Rxd7+ Nxd7 39. Kg1 Kf6 40. Kf2 {Precision: White = 41%, Black = 46%.} 1/2-1/2

[Event "Saint Louis Blitz 2017"]
[Site "Saint Louis"]
[Date "2017.08.17"]
[Round "8"]
[White "Le, Quang Liem"]
[Black "Karjakin, Sergey"]
[Result "0-1"]
[WhiteElo "2739"]
[BlackElo "2773"]
[Annotator "TA"]
[PlyCount "105"]
[EventDate "2017.??.??"]
[EventType "tourn"]
[EventCountry "USA"]
[SourceTitle "playchess.com"]
[Source "ChessBase"]
[SourceQuality "1"]

{[%evp 13,105,4,14,5,8,3,12,0,20,9,4,-14,16,0,15,10,19,21,17,-14,34,16,23,30,30,29,67,22,79,71,130,135,149,107,161,166,148,149,143,143,177,155,179,175,291,217,207,195,208,200,205,202,274,172,147,166,185,33,149,109,245,244,232,163,230,188,200,120,160,141,497,404,1585,1565,29978,0,0,0,0,0,0,0,0,0,0,0,0,-29969,-29970,-29965,-29966,-6095,-5097,-29994]} 1. d4 Nf6 2. Nf3 d5 3. c4 e6 4. Nc3 Nbd7 5. cxd5 exd5 6. Bf4 c6 7. h3 Bb4 {LiveBook: 6 Games. D35: Queen's Gambit Declined: Exchange Variation} (7... Nb6 8. e3 Bf5 9. Be2 Bd6 10. Bg5 h6 11. Bh4 g5 12. Bg3 Bxg3 13. fxg3 Qd6 14. Ne5 Nfd7 15. O-O Nxe5 16. Rxf5 {1-0 (48) Riazantsev,A (2671)-Inarkiev,E (2664) Sochi 2015}) 8. Nd2 Nf8 9. e3 Ng6 $146 {The position is equal.} ({Predecessor:} 9... Bf5 10. Qb3 Qb6 11. Be2 Ng6 12. Bh2 Bxc3 13. Qxc3 O-O 14. f3 Rfe8 15. O-O {1-0 (47) Savchenko,S (2504)-Toubal,H (1938) Zeralda 2014}) 10. Bh2 Bf5 11. g4 (11. a3 $5 {[%cal Ra3b4]} Ba5 12. Rc1 $14) 11... Be6 12. Bd3 O-O 13. O-O Nd7 14. a3 {[%cal Ba2a3,Ba3a4,Ba4a5][%mdl 32]} Bxc3 15. bxc3 f5 16. f3 Qe7 {With the idea ...fxg4.} 17. Qe2 Rae8 18. Bg3 Nb6 19. a4 Kh8 20. a5 Nc8 (20... Nc4 $11 {keeps the balance.}) 21. Rab1 Nd6 (21... Kg8 $142) 22. Qh2 $16 Bc8 23. Rbe1 ({Of course not} 23. Bxd6 $6 Qxe3+ 24. Kh1 Qxd3 $11) 23... Rd8 {[#]} (23... Rf6 $16 {is a better defense.}) 24. h4 $1 $36 {[%cal Bh3h4,Bh4h5][%mdl 2080] And now h5 would win. Keeping Black busy.} Qe6 25. h5 Ne7 26. g5 Nc4 27. Bf4 Nxa5 28. Bc7 b6 (28... Nc4 $142 29. Bxc4 dxc4) 29. Bxd8 Rxd8 30. Kh1 Nc4 31. Bxc4 dxc4 32. e4 Qf7 33. h6 b5 34. hxg7+ Qxg7 35. f4 $2 (35. Qc7 $18 Rf8 36. Ra1) 35... b4 (35... c5 $14) 36. cxb4 Rxd4 (36... Be6 $16 {was worth a try.}) 37. exf5 Bxf5 38. Nf3 Rd3 (38... Rd8 {was necessary.} 39. Ne5 Ng6) 39. Kg1 c3 40. Nh4 Qd4+ {[#]} 41. Qf2 $1 Rg3+ $2 {[%mdl 8192]} (41... Be4 $16 {is tougher.}) 42. Ng2 Qd3 (42... Rxg2+ $142 43. Kxg2 Qd7) 43. Rxe7 Bh3 44. Re3 $2 (44. Re8+ {mates} Kg7 45. Qxa7+ Kg6 46. Rg8+ Kh5 47. Qf7+ Qg6 48. Rxg6 Rxg2+ 49. Kh1 hxg6 50. f5 Rxg5 51. Qh7+ Kg4 52. Rg1+ Kf4 53. Rxg5 Bxf5 54. Rg1) 44... Rxg2+ $11 45. Qxg2 Qxe3+ {[%mdl 4096] Endgame KQR-KQB} 46. Qf2 Qd3 $1 {[%cal Rd3f1]} 47. Re1 {Hoping for Qe3.} c2 48. Kh2 Bd7 49. f5 Bxf5 {Threatens to win with ...Qh3+.} 50. Re3 $2 {[%mdl 8192]} (50. Qf4 $11 Qh3+ 51. Kg1) 50... Qd6+ 51. Rg3 c1=Q 52. Qxf5 Qcf4 53. Qc8+ {Precision: White = 47%, Black = 27%.} 0-1

[Event "Saint Louis Blitz 2017"]
[Site "Saint Louis"]
[Date "2017.08.17"]
[Round "9"]
[White "Caruana, Fabiano"]
[Black "Nakamura, Hikaru"]
[Result "0-1"]
[WhiteElo "2807"]
[BlackElo "2792"]
[Annotator "TA"]
[PlyCount "132"]
[EventDate "2017.??.??"]
[EventType "tourn"]
[EventCountry "USA"]
[SourceTitle "playchess.com"]
[Source "ChessBase"]
[SourceQuality "1"]

{[%evp 18,132,14,0,0,0,0,0,0,0,0,0,0,0,0,0,0,0,0,0,0,0,0,0,0,0,0,0,60,54,58,49,39,51,62,62,108,96,196,108,114,105,95,95,150,150,150,143,150,140,129,130,150,143,157,157,150,143,143,143,143,143,184,185,189,182,234,234,345,333,306,297,272,150,349,347,348,343,346,335,345,309,299,301,327,0,271,0,343,238,211,118,333,301,290,294,527,531,531,485,429,262,236,-16,-14,-47,-12,-29990,-29991,-29991,-29992,-29992,-29993,-29993,-29994,-29994,-29995]} 1. e4 e5 2. Nf3 Nc6 3. Bb5 Nf6 4. d3 Bc5 5. c3 O-O 6. O-O {C65: Ruy Lopez: Berlin Defence (3...Nf6), unusual lines and 4 0-0 Bc5} Re8 7. Nbd2 a6 8. Bxc6 dxc6 9. Nc4 Bg4 10. h3 {LiveBook: 5 Games} (10. b4 $5 {[%cal Rb4c5]} Bb6 11. Rb1 $11) 10... Bh5 11. Bg5 b5 12. Na5 Qd7 13. Bxf6 gxf6 {[#]} 14. Nb3 $146 Bb6 15. c4 c5 16. g4 Bg6 {aiming for ...Red8.} 17. Qe2 $1 Rad8 18. Rad1 Re6 19. Nc1 bxc4 20. dxc4 Rd6 {[%cal Rd6d1]} 21. Rxd6 Qxd6 22. Qe3 Ba5 ({Better is} 22... Qc6 $11) 23. Nb3 $14 Bb6 24. Nfd2 $1 a5 25. a4 Qc6 26. Ra1 Rd6 27. f3 Qd7 (27... Kg7 $16) 28. Qe2 (28. h4 $1 $18) 28... Rd3 $16 29. Kf2 {[%cal Bg1f2,Bf2e1,Be1d1,Bd1c2][%mdl 32]} h5 30. Ra3 hxg4 (30... Bh7 $142) 31. hxg4 Kf8 32. Ke1 Rd6 33. Nc1 Ke7 34. Kd1 Qd8 35. Kc2 Qh8 36. Rd3 Rd4 37. Ncb3 Rxd3 38. Qxd3 Qe8 39. Nb1 Qxa4 40. Nc3 Qc6 41. Nd2 $1 {[%mdl 1024] White has strong compensation.} a4 (41... Qd7 $142 42. Nd5+ Kf8) 42. Qd5 $1 $18 {[%cal Rd5c6]} Qe8 {[#]} (42... Qxd5 $142 43. cxd5 Ba7) 43. Qb7 $1 Kf8 44. Nd5 a3 45. b3 ({Less strong is} 45. Nxb6 a2 $14) (45. bxa3 Qa4+ 46. Kb2 Qd1 $16) (45. Qa6 $18) 45... Qd8 $2 (45... Ba5 $16 {was called for.}) 46. Qa6 Kg7 47. Qxa3 Qh8 48. Qa6 Qd8 49. Nb1 Qb8 50. Kb2 Qd8 51. Kc2 Qb8 $1 52. Nd2 Qd8 53. Qb7 Ba5 54. Qc6 ({White should try} 54. Qb5 $18 Qa8 55. Qxc5 Bxd2 56. Kxd2) 54... Bb6 $2 (54... Qd6 $16 {was worth a try.} 55. Qxd6 cxd6) 55. Nf1 Ba5 56. Qxc5 Be1 $2 (56... Qa8 {was necessary.} 57. Qe7 c6 58. Qxf6+ Kh7) 57. Qc6 Bh4 58. Nd2 Bg5 59. Nb1 Qh8 {[#] And now ...Qh2+ would win.} 60. Qxc7 $2 (60. b4 $1 $18) 60... Qh2+ $11 61. Kc3 Qg1 (61... Qa2 $5 {[%cal Ra2b1]} 62. f4 exf4 63. Nxf4 (63. Nd2 $2 Qa1+ 64. Kb4 Qe1 $19) 63... Bxf4 64. Qxf4 Qxb1 $19) 62. Na3 $2 {[%mdl 8192]} (62. Kb2 $11) 62... Qe1+ {Black mates.} 63. Kb2 Bc1+ 64. Kb1 Bxa3+ 65. Kc2 Qe2+ 66. Kc3 Qxf3+ {Precision: White = 59%, Black = 47%.} 0-1

[Event "Saint Louis Blitz 2017"]
[Site "Saint Louis"]
[Date "2017.08.17"]
[Round "9"]
[White "Karjakin, Sergey"]
[Black "Anand, Viswanathan"]
[Result "1-0"]
[WhiteElo "2773"]
[BlackElo "2783"]
[Annotator "TA"]
[PlyCount "125"]
[EventDate "2017.??.??"]
[EventType "tourn"]
[EventCountry "USA"]
[SourceTitle "playchess.com"]
[Source "ChessBase"]
[SourceQuality "1"]

{[%evp 11,125,33,37,4,15,11,18,6,13,15,14,-14,-12,-10,51,45,27,47,49,50,41,0,0,0,0,0,79,108,104,88,124,97,121,112,104,91,93,88,82,82,90,62,64,35,83,11,6,0,0,0,0,0,0,0,0,0,72,65,65,65,72,73,68,31,66,0,30,17,42,33,43,48,81,72,166,158,157,156,171,163,152,39,39,39,40,0,33,0,0,0,0,0,8,8,275,275,281,272,232,0,0,0,227,0,0,0,5061,7223,5110,5073,5583,5401,5089,5089,5085,5081]} 1. e4 c6 2. d4 d5 3. e5 Bf5 4. Nf3 e6 5. Be2 Ne7 6. c3 {B12: Caro-Kann: Advance Variation} (6. O-O c5 7. c3 Nec6 8. a3 Be7 9. b4 cxd4 10. cxd4 a6 11. Be3 O-O 12. Nbd2 Nd7 13. Ne1 b5 14. f4 Bg6 15. g4 {0-1 (48) Inarkiev,E (2727)-Hammer,J (2621) Moscow 2017}) 6... Nd7 {LiveBook: 60 Games} 7. Nbd2 c5 8. dxc5 {The position is equal.} Nxc5 9. O-O Nc6 10. Nd4 $146 ({Find the theoretical novelty and annotate with similar games:} 10. Nb3 Nd7 11. Nbd4 Be4 12. Ng5 Nxd4 13. cxd4 Bg6 14. Bd3 Be7 15. Bxg6 hxg6 16. Qg4 {0-1 (50) Ceschia,I (2235)-Levin,F (2497) Forni di Sopra 2013}) 10... Bg6 11. Nxc6 bxc6 12. b4 Nd3 ({Black should try} 12... Nd7 $11) 13. Nf3 $14 Nxc1 14. Rxc1 Be7 15. Nd4 $36 {[%mdl 2048] White fights for an advantage.} Qb6 16. Qa4 Rc8 17. Nxc6 Rxc6 18. Bb5 O-O (18... Kd7 $11 {keeps the balance.}) 19. Bxc6 $16 Bd3 20. Rfe1 Rc8 21. Qd1 {aiming for Bd7.} Bg5 22. Bd7 Rc7 23. Qxd3 Bxc1 24. Bxe6 fxe6 25. Rxc1 {[%mdl 4096] Endgame KQR-KQR} Rc4 26. a4 Qc7 27. Qh3 Qxe5 28. Qe3 ({White should play} 28. Kf1 $16) 28... Re4 $1 $11 {[%cal Re4e3]} 29. Qd2 Re2 30. Qd1 Qf4 31. f3 Qe3+ 32. Kh1 Qg5 {[%csl Ge2][%cal Rg5g2]} 33. Qf1 Qe3 ({Wrong is} 33... Rxg2 $2 34. f4 $18) (33... Rf2 $11 34. Qg1 Rxg2 35. Qxa7 Qxc1+ 36. Kxg2 Qc2+ 37. Kg3 Qg6+ 38. Kf4 Qf6+ 39. Kg3 Qg5+ 40. Kf2 Qd2+ 41. Kg3 Qg5+ 42. Kh3 Qf5+ 43. Kg3 Qg5+) 34. a5 Rb2 35. Qg1 Qxg1+ 36. Kxg1 $14 {KR-KR} Kf7 37. Kf1 Kf6 38. Rd1 (38. c4 $14) 38... a6 39. h4 Ke5 40. g3 Kd6 41. f4 h5 42. Rd3 e5 (42... Rc2 $16) 43. fxe5+ $18 Kxe5 44. Ke1 Ke4 45. Rd4+ Ke5 46. Kd1 ({Better is} 46. Rd2 $16 Rb3 47. Re2+ Kd6 48. Kd2) 46... Rg2 $14 47. Rd3 Ke4 $1 {[%cal Re4d3]} 48. Rd4+ (48. Rd2 $5 {[%cal Rd2g2]} Rxg3 49. Kc2 $14) 48... Ke5 49. b5 axb5 50. Rb4 Rxg3 51. Kc2 Rg1 52. Rxb5 Ra1 $2 {[%mdl 8192] [#]} (52... g5 $11) 53. Kb2 $1 $18 {[%cal Rb2a1]} Ra4 54. Kb3 Ra1 55. Kb2 $2 (55. c4 $18) 55... Ra4 $11 56. Kb3 $2 (56. Rb7 $11) 56... Ra1 $1 $18 57. Kb2 $2 (57. c4 $18) 57... Ra4 $11 58. Kb3 Rxh4 $2 {[%mdl 8192]} (58... Ra1 $11) 59. a6 $18 {[%cal Ba5a6,Ba6a7][%mdl 32] White is clearly winning.} Rh1 60. Ka2 Rh2+ 61. Rb2 Rh4 62. Ka3 Rc4 {[#]} 63. a7 $1 {Precision: White = 51%, Black = 46%.} 1-0

[Event "Saint Louis Blitz 2017"]
[Site "Saint Louis"]
[Date "2017.08.17"]
[Round "9"]
[White "Nepomniachtchi, Ian"]
[Black "Le, Quang Liem"]
[Result "1/2-1/2"]
[WhiteElo "2751"]
[BlackElo "2739"]
[Annotator "TA"]
[PlyCount "117"]
[EventDate "2017.??.??"]
[EventType "tourn"]
[EventCountry "USA"]
[SourceTitle "playchess.com"]
[Source "ChessBase"]
[SourceQuality "1"]

{[%evp 25,117,21,12,12,41,20,45,0,0,-8,6,14,9,8,39,13,40,35,50,54,53,55,42,17,18,20,30,31,30,0,0,0,0,0,0,0,0,0,0,-129,-133,-125,-126,-126,-122,-134,-134,-197,-191,-183,-185,-200,-179,-197,-204,-204,-195,-197,-179,-181,-159,-150,-100,-100,-100,-617,-658,-631,-614,-612,-527,-596,-524,-366,-8,-8,-8,-8,-8,-5097,-8,-8,-8,-8,-8,-8,-8,-8,-8,-8,-8,-8,-8,-8]} 1. c4 c5 2. Nc3 Nc6 3. Nf3 g6 4. e3 Nf6 5. d4 cxd4 6. exd4 d5 7. cxd5 Nxd5 8. Qb3 e6 9. Bb5 Bg7 10. Bxc6+ {A35: Symmetrical English: 2 Nc3 Nc6 3 Nf3} bxc6 11. O-O O-O 12. Na4 Qd6 13. Re1 Rb8 {LiveBook: 8 Games} 14. Qd1 {[#]} c5 $146 ({Find the theoretical novelty and annotate with similar games:} 14... Ne7 15. Bd2 Nf5 16. Bc3 Rd8 17. Re4 Rb5 {½-½ (31) Aronian,L (2792)-So,W (2770) Paris 2016}) 15. Nxc5 Bb7 16. Nxb7 (16. Ne5 {is interesting.} Rfc8 17. b4 Nxb4 18. Bf4 Nd5 19. Bg3) 16... Rxb7 17. b3 Rd8 18. Bd2 Ne7 19. Rc1 Nf5 20. Bg5 Rdb8 {[%cal Rf5d4]} (20... Rf8 {is more complex.} 21. Rc4 Rd7 22. Be3 Rfd8 23. Qc1 Qb6) 21. Rc4 Rb4 22. Rxb4 Rxb4 23. d5 $1 {[%cal Rd5e6]} e5 24. Qe2 {[%cal Rf3e5]} h6 25. Bd2 Nd4 26. Nxd4 Rxd4 27. Bc3 (27. Be3 $5 {[%cal Re3d4]} Rxd5 28. g3 $11) 27... Rxd5 28. h3 h5 29. b4 Qc6 30. Qb2 {[%cal Rc3e5]} Kh7 31. a3 ({Reject} 31. Bxe5 Rxe5 32. Rxe5 Qf6 $17) 31... a6 32. Bxe5 (32. Qb3 $11) 32... Rxe5 $17 33. Rxe5 Qf6 $1 34. Rxh5+ gxh5 {[%mdl 4096] Endgame} 35. Qc2+ Kg8 {Strongly threatening ...Qa1+.} 36. Qc8+ (36. Qd3 $17) 36... Bf8 $19 37. Qc1 h4 38. Qd1 Qf4 39. Qc2 Bd6 40. Kf1 Kg7 41. Ke2 Be5 42. Qd3 Bd4 43. Qf3 Qxf3+ 44. Kxf3 $17 {KB-KP} Bc3 45. g3 $2 {[%mdl 8192]} (45. Ke4 $17) 45... hxg3 $19 46. fxg3 Kf6 47. Ke4 Ke6 48. g4 Be1 $1 49. Kd4 Bf2+ $2 (49... Kd6 $1 $19 {[%cal Rd6c6] ...Kc6 is the strong threat.} 50. Ke4 Ke6) 50. Ke4 $11 Kf6 {Hoping for ...Be1.} 51. a4 Kg5 (51... Be1 $5 52. b5 $8 axb5 53. axb5 Bf2 $11) 52. b5 $2 {[%mdl 8192] [#]} (52. Kd5 $11) 52... axb5 $2 ({Better is} 52... a5 $1 $19 {Threatens to win with ...Bg1.} 53. Ke5 f6+ 54. Ke6 Be3) 53. axb5 $19 {KB-K3P. The position is equal.} Bb6 54. Ke5 Bc7+ 55. Kd5 Kh4 56. Kc6 Ba5 (56... Be5 $5 {[%cal Rh4h3]} 57. Kd7 f6 $11) 57. Kd7 $1 ({But not} 57. b6 $2 {[#]} Bxb6 $1 {[%mdl 512]} 58. Kd7 f6 $19) 57... Kxh3 58. Ke7 Kxg4 {( -> ...f5)} 59. Kxf7 {Precision: White = 53%, Black = 59%.} 1/2-1/2

[Event "Saint Louis Blitz 2017"]
[Site "Saint Louis"]
[Date "2017.08.17"]
[Round "9"]
[White "Dominguez Perez, Leinier"]
[Black "Aronian, Levon"]
[Result "0-1"]
[WhiteElo "2739"]
[BlackElo "2799"]
[Annotator "TA"]
[PlyCount "114"]
[EventDate "2017.??.??"]
[EventType "tourn"]
[EventCountry "USA"]
[SourceTitle "playchess.com"]
[Source "ChessBase"]
[SourceQuality "1"]

{[%evp 25,114,15,21,20,14,13,25,14,41,41,39,39,47,29,58,63,50,54,50,62,100,100,104,98,100,106,128,102,106,101,106,91,87,62,41,4,79,79,76,77,62,76,111,-14,-20,-20,-16,-34,-27,-29,-21,-18,-33,-28,-18,-87,-73,-78,-77,-84,-87,-87,-87,-217,-217,-204,-192,-330,-301,-535,-527,-535,-535,-664,-684,-689,-689,-651,-676,-796,-805,-948,-956,-1397,-1384,-1369,-1287,-1128,-1223,-848,-777]} 1. e4 e5 2. Nf3 Nc6 3. Bb5 a6 4. Ba4 Nf6 5. O-O Be7 6. Re1 b5 7. Bb3 O-O 8. a4 b4 9. d4 d6 10. dxe5 dxe5 11. Nbd2 {[%cal Bb1d2,Bd2b3,Bb3d4,Bd4f5][%mdl 32] C88: Closed Ruy Lopez: Anti-Marshall Systems} Bc5 12. a5 (12. Qe2 Qe7 13. h3 Rd8 14. Nc4 Nd4 15. Nxd4 Rxd4 16. Be3 Rxe4 17. Qf3 Bb7 18. Na5 Rxe3 19. Qxb7 Rxe1+ 20. Rxe1 {1-0 (26) Dominguez Perez,L (2739)-Aronian,L (2785) Doha 2016}) 12... Be6 (12... h6 13. Qe2 Qe7 14. Bc4 Nd4 15. Nxd4 Bxd4 16. Nf3 Bc5 17. Be3 Bb7 18. Nd2 Bxe3 19. Qxe3 {½-½ (57) Leko,P (2678)-Harikrishna,P (2737) Biel 2017}) 13. Qe2 Qe7 {LiveBook: 5 Games} 14. Bc4 Nd4 $146 ({Predecessor:} 14... Nd7 15. Nb3 Bxc4 16. Qxc4 Qe6 17. Qxe6 fxe6 18. Rd1 Bd6 {1-0 (70) Shevchenko,K (2359)-Esipenko,A (2384) Porto Carras 2015}) 15. Nxd4 Bxd4 16. Nb3 Rfd8 17. Nxd4 Bxc4 $1 ({But not} 17... Rxd4 $6 18. Bxa6 Rxe4 19. Be3 $16) 18. Nf5 Qe6 ({Much worse is} 18... Bxe2 19. Nxe7+ Kf8 20. Nc6 $16) 19. Qf3 $36 {[%mdl 2048] White is pushing.} Ne8 20. b3 Bb5 21. Qg3 Rd7 22. Be3 g6 23. Bc5 Nf6 {[%cal Be8f6,Bf6h5,Bh5f4,Bf4e2][%mdl 32]} 24. Bxb4 Nh5 25. Qh4 Nf4 26. Ne3 Rd4 27. Qe7 Qxe7 28. Bxe7 Rxe4 29. f3 Rd4 30. Rad1 Ne2+ (30... Re8 $11 31. Bf6 Re6) 31. Kf2 $16 {Black must now prevent c4.} Nc3 32. Rxd4 exd4 33. Ng4 f5 34. Nh6+ (34. Nf6+ $16 Kg7 35. g4) 34... Kg7 $11 35. Bg5 {aiming for Re7+.} Re8 36. Rxe8 Bxe8 {[%mdl 4096] Endgame KBN-KBN} 37. g4 Bd7 {...fxg4 is the strong threat.} 38. h4 Nd5 39. Ke2 $1 c5 40. Kd2 (40. Kd3 $1 $11 {remains equal.}) 40... Be6 $1 $17 41. Kd3 Nb4+ $1 42. Kd2 {[#]} Nc6 $1 43. Bf4 Nxa5 44. g5 {[#]} (44. Bd6 $17 {was worth a try.}) 44... Nb7 $1 $19 45. Be5+ Kf8 46. f4 (46. Bf6 $142) 46... Ke7 47. c3 $2 (47. Bg7 {keeps fighting.}) 47... dxc3+ {Black is clearly winning.} 48. Kxc3 Nd6 49. Bf6+ Kd7 50. Be5 Ne4+ 51. Kc2 Kc6 52. Kb2 Kb5 53. Ka3 Nd2 54. Bc3 Nf3 55. Kb2 Nxh4 56. Kc2 Nf3 57. Bb2 Nd4+ {Precision: White = 48%, Black = 70%.} 0-1